000 01410nam a2200241Ii 4500
003 JO-AjNU
005 20240629134607.0
008 230605s9999||||xx |||||||||||||| ||und||
040 _aJO-AjNU
_bara
_erda
_cJO-AjNU
041 _aara
050 1 4 _aKZ6373 2019
100 _aالفريحات، احمد عبد الحليم محمد
_eمعد
_965824
245 0 0 _aالعقوبات الاقتصادية الدولية الواردة في احكام ميثاق الامم المنحدة والقانون الدولي والقيود المفروضة عليها = International economic sanctions contained in the provisions of the charter of the united nations and international law and restrictions imposed on them
_c/ اعداد احمد عبد الحليم محمد الفريحات ؛ اشراف منتصر احمد مفلح القضاة
264 3 1 _a 2019
300 _a133 ورقة
336 _atext
_btxt
_2rdacontent
337 _aunmediated
_bn
_2rdamedia
338 _avolume
_bnc
_2rdacarrier
500 _aرساله جامعيه (ماجستير في القانون) - جامعة عجلون الوطنيه (عجلون ، الاردن) ، كلية القانون تخصص القانون، 2019
650 4 _aالعقوبات الاقتصادية - القانون الدولي - الامم المتحدة
_958780
700 _aالقضاة، منتصر احمد
_965269
_eمشرف
942 _2lcc
_cTHS
999 _c29983
_d29983